00379 2200145 4500245007300000020001500073250001100088100003400099650001900133005001900152260003100171041001400202084000800216336000900224 aTuhan, Tunggu Sebentar lagi....cMuhammad Syafi'ie el-BantaniehText a9797959325 aCet. 1 aMuhammad Syafi'ie el-Bantanie aMotivasi Islam a20240903074813 aJakartabWahyu Qolbuc2015 aIndonesia a297 atext